| 000 | 00872 a2200181 4500 | ||
|---|---|---|---|
| 003 | Nust | ||
| 005 | 20230128134731.0 | ||
| 040 | _cNust | ||
| 082 | _a910,BLI | ||
| 100 |
_aBlij, H.J De _9108009 |
||
| 245 |
_aHuman Geography _bCulture Society & Space / _cH.J. De Blij |
||
| 250 | _a7 th | ||
| 260 | _bNational Book Foundation | ||
| 300 | _a555:P | ||
| 505 | _aGeography, Culture and Environment (Page-1), Population Patterns and Processes (Page-51), The Global Linguistic Mosaic (Page-109), The Geography of Religion (Page-153), The Political Imprint (Page-199), Land and Land Use in the Rural Sector (Page-269), The Urbanizing World (Page-313), The Roots and Consequences on Industrialization (Page-365), From Deindustrialization to Globalization (Page-407), Social Geographies of the Modern World (Page-453). | ||
| 650 |
_aHuman Geography _913071 |
||
| 942 |
_2ddc _cBK |
||
| 999 |
_c186208 _d186208 |
||